[Event "Hanoi HD Bank op-B 8th"]
[Site "Hanoi"]
[Date "2018.03.10"]
[Round "2"]
[White "Le, Sy Toan"]
[Black "Vu, Thi Dieu Uyen"]
[Result "0-1"]
[WhiteElo "1029"]
[BlackElo "1680"]
[PlyCount "87"]
[EventDate "2018.03.10"]
[EventType "swiss"]
[EventRounds "9"]
[EventCountry "VIE"]
[SourceTitle "CBM 183 Extra"]
[Source "ChessBase"]
[SourceDate "2018.04.19"]
[SourceVersion "1"]
[SourceVersionDate "2018.04.19"]
[SourceQuality "1"]

1. d4 d5 2. c4 c6 3. e3 Nf6 4. h3 Bf5 5. Nc3 e6 6. c5 Nbd7 7. Bd3 Bxd3 8. Qxd3 b6 9. cxb6 axb6 10. Nge2 c5 11. 0-0 Bd6 12. Nb5 Be7 13. b3 Rc8 14. Ng3 0-0 15. Bb2 Nb8 16. Rfc1 Nc6 17. Bc3 Qd7 18. a4 Na7 19. Nxa7 Qxa7 20. Bb2 Rc7 21. e4 dxe4 22. Nxe4 Rd8 23. Qc2 Nxe4 24. Qxe4 Bf6 25. Rd1 Rcd7 26. Rd3 Bxd4 27. Bxd4 Rxd4 28. Rxd4 Rxd4 29. Qc6 h6 30. Qf3 Qa5 31. Qc6 Qc3 32. Rb1 Qc2 33. Re1 Rf4 34. Kh2 Qxb3 35. Re3 Qxa4 36. Qxb6 Qd4 37. Qb8+ Kh7 38. Qb1+ g6 39. Qe1 c4 40. g3 Rf5 41. Kg1 Rd5 42. Qb4 Kg7 43. Qb7 c3 44. Rxe6 0-1